000 00371pab a2200157 454500
008 180718b2000 xxu||||| |||| 00| 0 eng d
100 _aKapoor, H.L.
245 _aCustodial crime: accountability will rein abusive cops
260 _c2000
300 _ap.6
362 _a24 Apr
650 _aCrime - India
650 _aCrime
773 _aStatesman
909 _a46008
999 _c46008
_d46008